Catálogo
 En Linea

Un ruinoso café en el París de entonces / (Registro nro. 8144)

Detalles MARC
000 -CABECERA
campo de control de longitud fija 01491nam a2200301 i 4500
001 - NÚMERO DE CONTROL
campo de control 000008373
003 - IDENTIFICADOR DEL NÚMERO DE CONTROL
campo de control DO-SdBNP
005 - FECHA Y HORA DE LA ÚLTIMA TRANSACCIÓN
campo de control 20240412074207.0
007 - CAMPO FIJO DE DESCRIPCIÓN FÍSICA--INFORMACIÓN GENERAL
campo de control de longitud fija ta
008 - DATOS DE LONGITUD FIJA--INFORMACIÓN GENERAL
campo de control de longitud fija 090916s2002 dr 000 j spa d
020 ## - NÚMERO INTERNACIONAL ESTÁNDAR DEL LIBRO
Número Internacional Estándar del Libro 9993491225
040 ## - FUENTE DE LA CATALOGACIÓN
Centro catalogador/agencia de origen DO-SdBNP
Lengua de catalogación spa
Centro/agencia transcriptor BNPHU
Normas de descripción rda
082 #4 - NÚMERO DE LA CLASIFICACIÓN DECIMAL DEWEY
Número de clasificación RD863.44
Número de documento/Ítem P925r
Número de edición 22
111 2# - ENTRADA PRINCIPAL--NOMBRE DE CONGRESO/REUNIÓN
Nombre de congreso/reunión o jurisdicción como elemento de entrada Premio Internacional de Cuento Casa de Teatro
Fecha del congreso/reunión (2002 :
Sede del congreso/Lugar de la reunión Santo Domingo)
9 (RLIN) 22597
245 13 - MENCIÓN DE TÍTULO
Título Un ruinoso café en el París de entonces /
Mención de responsabilidad, etc. edición Vivian Lechuga.
264 ## - PRODUCCIÓN, PUBLICACIÓN, DISTRIBUCIÓN, FABRICACIÓN Y COPYRIGHT
Producción, publicación, distribución, fabricación y copyright Santo Domingo :
Nombre del de productor, editor, distribuidor, fabricante Casa de Teatro,
Fecha de producción, publicación, distribución, fabricación o copyright 2002.
300 ## - DESCRIPCIÓN FÍSICA
Extensión 173 páginas ;
Dimensiones 21 cm.
336 ## - TIPO DE CONTENIDO
Fuente rdacontent
Término de tipo de contenido texto
Código de tipo de contenido txt
337 ## - TIPO DE MEDIO
Fuente rdamedia
Nombre/término del tipo de medio sin mediación
Código del tipo de medio n
338 ## - TIPO DE SOPORTE
Fuente rdacarrier
Nombre/término del tipo de soporte volumen
Código del tipo de soporte nc
505 0# - NOTA DE CONTENIDO CON FORMATO
Nota de contenido con formato Los cronopios, las putas y un ruinoso café en el París de entonces/
Mención de responsabilidad Amir Valle --
Título Alma de mar/
Mención de responsabilidad Rafael Gómez --
Nota de contenido con formato ¡Travesuras de muchachos!/
Mención de responsabilidad Leo Silverio --
Título Mi adorada matrioshka/
Mención de responsabilidad Emilio Aragón Colvile --
Título La antena/
Mención de responsabilidad Miguel Bucarelli --
Título Macario/
Mención de responsabilidad Maria Jozer Florez --
Nota de contenido con formato El bacá/
Mención de responsabilidad Herman R. Mella chavier --
Título Instantes de confusión/
Mención de responsabilidad Rafael Nolasco Morel --
Título Para Elisa, que es mi vida... /
Mención de responsabilidad Federico Sánchez --
Título Flor de sabana /
Mención de responsabilidad Jesús Segura Martínez --
Título El viejo cumpleaños de Erasmo/
Mención de responsabilidad Ramón Enrique Molina.
590 ## - NOTA LOCAL (RLIN)
Nota local Inventariado, 2019/VM
650 #0 - PUNTO DE ACCESO ADICIONAL DE MATERIA--TÉRMINO DE MATERIA
Término de materia o nombre geográfico como elemento de entrada Cuentos dominicanos
9 (RLIN) 176
650 #0 - PUNTO DE ACCESO ADICIONAL DE MATERIA--TÉRMINO DE MATERIA
Término de materia o nombre geográfico como elemento de entrada Literatura dominicana.
9 (RLIN) 67
700 12 - PUNTO DE ACCESO ADICIONAL--NOMBRE DE PERSONA
Nombre de persona Lechuga, Vivian,
Término indicativo de función/relación edición
9 (RLIN) 10977
910 ## - DATOS DE OPCIÓN DEL USUARIO (OCLC)
Datos de opción del usuario Validado. Control de calidad MFF
942 ## - ELEMENTOS DE PUNTO DE ACCESO ADICIONAL (KOHA)
Fuente del sistema de clasificación o colocación Dewey Decimal Classification
Tipo de ítem Koha Libro
Existencias
Estado de retiro Estado de pérdida Fuente del sistema de clasificación o colocación Restricciones de uso No para préstamo Código de colección Localización permanente Ubicación/localización actual Ubicación en estantería Fecha de adquisición Total de préstamos Signatura topográfica completa Código de barras Fecha visto por última vez Número de copia Precio válido a partir de Tipo de ítem Koha
    Dewey Decimal Classification Préstamo en sala   Dominicana de Servicio Biblioteca Nacional Pedro Henríquez Ureña Biblioteca Nacional Pedro Henríquez Ureña Depósito 16.09.2009   BNPHU DS RD863.44 P925r 8373-30 25.06.2020 e. 3 25.06.2020 Libro
    Dewey Decimal Classification Préstamo en sala   Dominicana de Servicio Biblioteca Nacional Pedro Henríquez Ureña Biblioteca Nacional Pedro Henríquez Ureña Depósito 19.02.2010   BNPHU DS RD863.44 P925r 8373-40 25.06.2020 e. 4 25.06.2020 Libro
    Dewey Decimal Classification Préstamo en sala   Dominicana de Servicio Biblioteca Nacional Pedro Henríquez Ureña Biblioteca Nacional Pedro Henríquez Ureña Depósito 19.02.2010   BNPHU DS RD863.44 P925r 8373-50 25.06.2020 e. 5 25.06.2020 Libro
    Dewey Decimal Classification Excluido de préstamo   Patrimonio Dominicano Biblioteca Nacional Pedro Henríquez Ureña Biblioteca Nacional Pedro Henríquez Ureña Depósito 16.09.2009   BNPHU PD RD863.44 P925r 8373-10 25.06.2020   25.06.2020 Libro
    Dewey Decimal Classification Excluido de préstamo   Patrimonio Dominicano Biblioteca Nacional Pedro Henríquez Ureña Biblioteca Nacional Pedro Henríquez Ureña Depósito 16.09.2009   BNPHU PD RD863.44 P925r 8373-20 25.06.2020 e. 2 25.06.2020 Libro

Con tecnología Koha